South Eastern Kenya University

Library Online Public Access Catalogue


Technical calculus with analytic geometry / (Record no. 10990)

MARC details
000 -LEADER
fixed length control field 00426cam a2200145 a 4500
020 ## - INTERNATIONAL STANDARD BOOK NUMBER
International Standard Book Number 0534084184 :
Terms of availability $27.00
050 00 - LIBRARY OF CONGRESS CALL NUMBER
Classification number QA303
Item number .K856 1988
100 1# - MAIN ENTRY--PERSONAL NAME
Personal name Kuhfittig, Peter K. F.
245 10 - TITLE STATEMENT
Title Technical calculus with analytic geometry /
Statement of responsibility, etc. Peter Kuhfittig.
250 ## - EDITION STATEMENT
Edition statement 2nd ed.
260 ## - PUBLICATION, DISTRIBUTION, ETC. (IMPRINT)
Place of publication, distribution, etc. Pacific Grove, Calif. :
Name of publisher, distributor, etc. Brooks/Cole Pub. Co.,
Date of publication, distribution, etc. c1988.
300 ## - PHYSICAL DESCRIPTION
Extent xiii, 497 p. :
500 ## - GENERAL NOTE
General note Includes index.
942 ## - ADDED ENTRY ELEMENTS (KOHA)
Source of classification or shelving scheme Library of Congress Classification
Koha item type General circulation
Holdings
Withdrawn status Lost status Source of classification or shelving scheme Damaged status Not for loan Home library Current library Shelving location Date acquired Total Checkouts Full call number Barcode Date last seen Price effective from Koha item type
    Library of Congress Classification     Kitui Town Campus Library Kitui Town Campus Library General Stacks 15/02/2016   QA303 .K856 1988 2016/013459 15/02/2016 15/02/2016 General circulation
Kitui, Kenya.
+254736116989
library@seku.ac.ke